[Event "interzonal (w)"]
[Site "Zheleznovodsk  URS"]
[Date "1985.??.??"]
[Round "8"]
[White "Liu Shilan"]
[Black "Ivanka, Maria"]
[Result "1-0"]
[WhiteElo "2160"]
[BlackElo "2200"]
[EventDate "1985.06.19"]
[PlyCount "59"]

1.e4 c5 2.Nf3 e6 3.d4 cxd4 4.Nxd4 Nc6 5.Nc3 Qc7 6.Be2 a6 7.O-O b5 8.Nxc6 
Qxc6 9.Bf3 Bb7 10.Re1 Qc7 11.e5 Ne7 12.Bxb7 Qxb7 13.Ne4 Nf5 14.Bg5 h6 15.
Qh5 Rc8 16.c3 Rc4 17.f3 Qb6+ 18.Kh1 Be7 19.Bxe7 Kxe7 20.g4 d5 21.gxf5 dxe4
22.Qh4+ f6 23.b3 Rxc3 24.exf6+ gxf6 25.Rxe4 Rc6 26.Rae1 Rf8 27.Rxe6+ Kd7 
28.Qxh6 Rd8 29.Rd1+ Kc8 30.Rxd8+ 1-0

[Event "interzonal (w)"]
[Site "Zheleznovodsk  URS"]
[Date "1985.??.??"]
[Round "8"]
[White "Gaprindashvili, Nona"]
[Black "Zaitseva, Ludmila"]
[Result "1/2-1/2"]
[WhiteElo "2325"]
[BlackElo "2165"]
[EventDate "1985.06.19"]
[PlyCount "107"]

1.d4 e6 2.c4 f5 3.Nf3 Nf6 4.Nc3 Be7 5.d5 O-O 6.g3 d6 7.dxe6 Bxe6 8.Bg2 
Bxc4 9.Nd2 Ba6 10.Qb3+ Kh8 11.Bxb7 Bxb7 12.Qxb7 Nbd7 13.Nb3 c5 14.Bf4 a5 
15.O-O a4 16.Nd2 Nb6 17.Rfd1 Nh5 18.Nf3 Nxf4 19.gxf4 Bf6 20.Rac1 Nc4 21.
Qb5 Nb6 22.Qc6 Be7 23.Ne5 Rc8 24.Qb7 Rb8 25.Qf3 Qe8 26.Nc6 Rc8 27.Na7 Rb8 
28.Kh1 d5 29.Nxd5 Nxd5 30.Qxd5 Rxb2 31.Nc6 Rxe2 32.Re1 Bh4 33.Rxe2 Qxe2 
34.Ne5 Qe4+ 35.Qxe4 fxe4 36.Rxc5 g6 37.Rc4 Rxf4 38.Nd3 Rf3 39.Rxe4 Rxd3 
40.Rxh4 Ra3 41.Rc4 Rxa2 42.Kg2 a3 43.Rc8+ Kg7 44.Rc7+ Kf6 45.Rxh7 Rc2 46.
Ra7 a2 47.Ra5 Ke6 48.h4 Kd6 49.Kg3 Kc6 50.h5 gxh5 51.f4 Kb6 52.Ra8 Kb5 53.
f5 h4+ 54.Kh3 1/2-1/2

[Event "interzonal (w)"]
[Site "Zheleznovodsk  URS"]
[Date "1985.??.??"]
[Round "9"]
[White "Matveeva, Svetlana"]
[Black "Muresan, Margareta"]
[Result "1/2-1/2"]
[WhiteElo "2125"]
[BlackElo "2185"]
[EventDate "1985.06.19"]
[PlyCount "118"]

1.d4 d5 2.c4 dxc4 3.e4 Nf6 4.e5 Nd5 5.Bxc4 Nb6 6.Bb3 e6 7.Nf3 c5 8.O-O 
cxd4 9.Nxd4 Nc6 10.Nxc6 Qxd1 11.Rxd1 bxc6 12.Nc3 Nd5 13.Ne4 Bd7 14.Bd2 a5 
15.Rdc1 a4 16.Bd1 a3 17.b3 f5 18.exf6 gxf6 19.Bh5+ Ke7 20.Re1 Bg7 21.Rac1 
Rhb8 22.Nc5 f5 23.Nxe6 Bb2 24.Nc7+ Kd6 25.Nxa8 Bxc1 26.Rxc1 Rxa8 27.Bf3 
Be6 28.h3 Ra6 29.Kh2 c5 30.Rd1 Ke5 31.Be2 Ra8 32.Bc4 Bg8 33.Bh6 Nb4 34.
Bg7+ Kf4 35.Bh6+ Ke5 36.f4+ Kf6 37.Bg5+ Kg6 38.Rd6+ Kg7 39.Rd7+ Kg6 40.
Rd6+ Kg7 41.Rd7+ Kg6 42.Bxg8 Rxg8 43.Rd6+ Kg7 44.Rd7+ Kg6 45.Rd6+ Kg7 46.
g4 fxg4 47.hxg4 Nxa2 48.Rd7+ Kg6 49.Bh4 Nb4 50.f5+ Kh6 51.Rd6+ Kg7 52.Bf6+
Kf7 53.g5 a2 54.Rd7+ Ke8 55.Re7+ Kf8 56.Ra7 Ke8 57.Kh3 Nd5 58.Ra8+ Kf7 59.
Ra7+ Ke8 1/2-1/2

[Event "interzonal (w)"]
[Site "Zheleznovodsk  URS"]
[Date "1985.??.??"]
[Round "9"]
[White "Litinskaya, Marta"]
[Black "Gaprindashvili, Nona"]
[Result "1/2-1/2"]
[WhiteElo "2210"]
[BlackElo "2325"]
[EventDate "1985.06.19"]
[PlyCount "76"]

1.d4 g6 2.c4 Bg7 3.Nf3 d6 4.e4 Nf6 5.Nc3 O-O 6.Be2 e5 7.O-O Nc6 8.d5 Ne7 
9.Nd2 c5 10.a3 Ne8 11.b4 b6 12.Rb1 f5 13.Nb3 Nf6 14.bxc5 bxc5 15.f3 f4 16.
Bd2 g5 17.Nb5 Ne8 18.Ba5 Qd7 19.Nc1 Rb8 20.Nd3 Ng6 21.Nf2 h5 22.h3 Bf6 23.
Rb3 Rb7 24.Qc2 Bd8 25.Bd2 Qg7 26.Rfb1 Rff7 27.Nc3 Rxb3 28.Qxb3 Rb7 29.Qa4 
Kf8 30.Rxb7 Qxb7 31.Qb5 Qc7 32.Bd1 Bd7 33.Qb2 Nf6 34.Ba4 Bc8 35.Qb5 Ne7 
36.Bd1 Bd7 37.Qa6 Bc8 38.Qa4 Qb8 1/2-1/2

[Event "interzonal (w)"]
[Site "Zheleznovodsk  URS"]
[Date "1985.??.??"]
[Round "11"]
[White "Zaitseva, Ludmila"]
[Black "Khadilkar, Rohini"]
[Result "1-0"]
[WhiteElo "2165"]
[BlackElo "2165"]
[EventDate "1985.06.19"]
[PlyCount "81"]

1.d4 Nf6 2.Nf3 g6 3.Bg5 Bg7 4.Nbd2 O-O 5.e4 d6 6.c3 Nc6 7.h3 e5 8.dxe5 
dxe5 9.Bc4 Qe7 10.Qc2 Be6 11.O-O h6 12.Be3 Nd7 13.Rfd1 Kh7 14.Bxe6 Qxe6 
15.Qb3 Qxb3 16.axb3 a6 17.Nc4 Rad8 18.Na5 Nxa5 19.Rxa5 c6 20.Nd2 Nf6 21.
Raa1 Rd7 22.Kf1 Nh5 23.Nc4 Rfd8 24.Ke2 Nf4+ 25.Bxf4 exf4 26.Rxd7 Rxd7 27.
Rd1 Re7 28.Kf3 g5 29.b4 h5 30.Rd8 Kg6 31.Nd6 Be5 32.Nf5 Rc7 33.Rg8+ Kf6 
34.Rh8 Ke6 35.Rxh5 f6 36.h4 gxh4 37.Nxh4 c5 38.bxc5 Rxc5 39.Ng6 Rc8 40.
Nxf4+ Kd6 41.Nd3 1-0

[Event "interzonal (w)"]
[Site "Zheleznovodsk  URS"]
[Date "1985.??.??"]
[Round "12"]
[White "Khadilkar, Rohini"]
[Black "Litinskaya, Marta"]
[Result "0-1"]
[WhiteElo "2165"]
[BlackElo "2210"]
[EventDate "1985.06.19"]
[PlyCount "51"]

1.e4 c5 2.Nf3 e6 3.d4 cxd4 4.Nxd4 Nf6 5.Nc3 d6 6.g4 h6 7.h4 Nc6 8.Rg1 h5 
9.gxh5 Nxh5 10.Bg5 Nf6 11.Qd2 Qb6 12.Nb3 a6 13.O-O-O Bd7 14.Rg3 O-O-O 15.
Bg2 Qc7 16.f4 Be7 17.Qf2 Ne8 18.Nd5 exd5 19.Bxe7 Nxe7 20.exd5 Qb8 21.Rc3+ 
Nc7 22.Rdd3 Bf5 23.Re3 Kd7 24.Nd4 g6 25.Rb3 Rde8 26.Qe1 0-1

[Event "interzonal (w)"]
[Site "Zheleznovodsk  URS"]
[Date "1985.??.??"]
[Round "12"]
[White "Arbunic Castro, Giovanna"]
[Black "Hoiberg, Nina"]
[Result "1-0"]
[WhiteElo "2060"]
[BlackElo "2145"]
[EventDate "1985.06.19"]
[PlyCount "67"]

1.e4 e5 2.Nf3 Nc6 3.Bc4 Nf6 4.d3 Be7 5.O-O d5 6.exd5 Nxd5 7.Re1 Bg4 8.h3 
Bh5 9.g4 Bg6 10.Nxe5 Nxe5 11.Rxe5 Nb6 12.Qe1 f6 13.Re2 Nxc4 14.dxc4 Kf7 
15.Nc3 h5 16.Bf4 hxg4 17.Rd1 Bd6 18.Bxd6 cxd6 19.Nb5 gxh3 20.Nxd6+ Kg8 21.
Re7 h2+ 22.Kh1 Rh5 23.Rd5 Rxd5 24.Qe6+ Kh8 25.cxd5 Qg8 26.Qxg8+ Kxg8 27.c4
b6 28.Kxh2 Rd8 29.Nb7 Rc8 30.d6 Kf8 31.d7 Rb8 32.Re3 Bf5 33.d8=Q+ Rxd8 34.
Nxd8 1-0

[Event "interzonal (w)"]
[Site "Zheleznovodsk  URS"]
[Date "1985.??.??"]
[Round "12"]
[White "Glaz, Lena"]
[Black "Gaprindashvili, Nona"]
[Result "0-1"]
[WhiteElo "2100"]
[BlackElo "2325"]
[EventDate "1985.06.19"]
[PlyCount "54"]

1.d4 d5 2.Nf3 e6 3.g3 Nf6 4.Bg2 g6 5.O-O Bg7 6.c4 O-O 7.Nc3 dxc4 8.Qa4 a6 
9.Qxc4 b5 10.Qd3 Bb7 11.b4 Nd5 12.a3 Nxc3 13.Qxc3 Be4 14.Ne5 Bxg2 15.Kxg2 
Qd5+ 16.Kg1 Nd7 17.Bb2 Nb6 18.Qxc7 Na4 19.Nd3 Rac8 20.Qf4 Nxb2 21.Nxb2 
Qxd4 22.Qxd4 Bxd4 23.Rab1 Rc2 24.Nd3 Rxe2 25.Rfc1 Ra2 26.Rb3 e5 27.Rd1 Rc8
0-1

[Event "interzonal (w)"]
[Site "Zheleznovodsk  URS"]
[Date "1985.??.??"]
[Round "13"]
[White "Matveeva, Svetlana"]
[Black "Wu Mingqian"]
[Result "0-1"]
[WhiteElo "2125"]
[BlackElo "2075"]
[EventDate "1985.06.19"]
[PlyCount "90"]

1.d4 d5 2.c4 c6 3.Nf3 Nf6 4.Qc2 e6 5.g3 Ne4 6.Bg2 Nd7 7.O-O Be7 8.Nbd2 f5 
9.Ne1 Bf6 10.Ndf3 g5 11.Nd3 Qe7 12.b3 h5 13.Nfe5 Qg7 14.f3 h4 15.fxe4 dxe4
16.Bb2 exd3 17.exd3 hxg3 18.hxg3 Nxe5 19.dxe5 Bxe5 20.Bxe5 Qxe5 21.Qf2 Qf6
22.Qc5 Bd7 23.Rae1 Kf7 24.Re5 Rad8 25.Rfe1 Bc8 26.d4 b6 27.Qa3 a5 28.Qb2 
Rd6 29.c5 bxc5 30.dxc5 Rd3 31.Qf2 f4 32.Bxc6 Rh3 33.gxf4 gxf4 34.Bg2 Rdg3 
35.R5e4 f3 36.Rf1 Rxg2+ 37.Qxg2 fxg2 38.Rxf6+ Kxf6 39.Rf4+ Ke5 40.Rf7 Rg3 
41.Rc7 Ba6 42.Ra7 Bf1 43.Rxa5 Rh3 44.c6+ Kd6 45.Rg5 Kxc6 0-1

[Event "interzonal (w)"]
[Site "Zheleznovodsk  URS"]
[Date "1985.??.??"]
[Round "14"]
[White "Muresan, Margareta"]
[Black "Gaprindashvili, Nona"]
[Result "0-1"]
[WhiteElo "2185"]
[BlackElo "2325"]
[EventDate "1985.06.19"]
[PlyCount "40"]

1.d4 d5 2.c4 e6 3.Nf3 Nf6 4.g3 g6 5.Bg2 Bg7 6.O-O O-O 7.Qc2 Na6 8.Bg5 h6 
9.Bf4 Qe7 10.Ne5 Nb4 11.Qb3 Nc6 12.cxd5 Nxe5 13.dxe5 Nxd5 14.Nd2 Bd7 15.
Nc4 a5 16.a4 Qb4 17.Qc2 Nb6 18.Nxb6 cxb6 19.Rfd1 Rfc8 20.Qb1 Bxa4 0-1

[Event "interzonal (w)"]
[Site "Zheleznovodsk  URS"]
[Date "1985.??.??"]
[Round "14"]
[White "Liu Shilan"]
[Black "Zaitseva, Ludmila"]
[Result "0-1"]
[WhiteElo "2160"]
[BlackElo "2165"]
[EventDate "1985.06.19"]
[PlyCount "81"]

1.e4 e6 2.d4 d5 3.exd5 exd5 4.Nf3 Bd6 5.Bd3 Ne7 6.O-O O-O 7.Bg5 f6 8.Be3 
Bg4 9.Nbd2 Nd7 10.c3 Re8 11.Qc2 Nf8 12.h3 Be6 13.Rfe1 Qd7 14.Nf1 c6 15.Bd2
Neg6 16.Ng3 Nf4 17.Bf5 g6 18.Bxe6+ N8xe6 19.Re3 Re7 20.Rae1 Rae8 21.b3 
Nxg2 22.Rxe6 Nxe1 23.Rxe1 Qxh3 24.Rxe7 Rxe7 25.Qd3 Bxg3 26.fxg3 Qxg3+ 27.
Kf1 Qh3+ 28.Kf2 g5 29.Ne1 Qxd3 30.Nxd3 h5 31.c4 h4 32.cxd5 cxd5 33.Kf3 Kg7
34.Nf2 Kg6 35.Bb4 Re6 36.a4 Rb6 37.Nd3 a5 38.Bxa5 Rxb3 39.Ke2 Ra3 40.Nc5 
h3 41.Bc7 0-1

[Event "interzonal (w)"]
[Site "Zheleznovodsk  URS"]
[Date "1985.??.??"]
[Round "15"]
[White "Zaitseva, Ludmila"]
[Black "Ivanka, Maria"]
[Result "1-0"]
[WhiteElo "2165"]
[BlackElo "2200"]
[EventDate "1985.06.19"]
[PlyCount "77"]

1.e4 d6 2.d4 g6 3.Nc3 Bg7 4.Be2 c6 5.Nf3 b5 6.a4 b4 7.Na2 Nf6 8.e5 Nd5 9.
c4 bxc3 10.bxc3 a5 11.O-O Na6 12.Bd2 O-O 13.Rb1 Bf5 14.Rb2 c5 15.Bb5 Qc7 
16.Qe2 Nb8 17.h3 Nc6 18.Re1 Rab8 19.Nc1 Na7 20.c4 Nb4 21.Bc3 Rfd8 22.d5 
Qc8 23.g4 Bd7 24.Qe4 Rf8 25.Ne2 Nxb5 26.axb5 Qb7 27.Nf4 e6 28.Rd2 exd5 29.
Nxd5 Nxd5 30.Rxd5 Be6 31.Rxd6 Bxc4 32.Qxc4 Qxf3 33.Re3 Qb7 34.b6 Rfe8 35.
Qxc5 Bf8 36.Qd4 Re6 37.Rxe6 fxe6 38.Bxa5 Rc8 39.Rc3 1-0

[Event "interzonal (w)"]
[Site "Zheleznovodsk  URS"]
[Date "1985.??.??"]
[Round "15"]
[White "Hoiberg, Nina"]
[Black "Muresan, Margareta"]
[Result "1-0"]
[WhiteElo "2145"]
[BlackElo "2185"]
[EventDate "1985.06.19"]
[PlyCount "82"]

1.e4 c6 2.Nc3 d5 3.Qf3 dxe4 4.Nxe4 Nd7 5.d4 Ngf6 6.c3 Nxe4 7.Qxe4 Nf6 8.
Qc2 Qc7 9.Nf3 e6 10.Bd3 Bd6 11.O-O h6 12.Be3 b6 13.Rfe1 O-O 14.h3 Bb7 15.
Qd2 c5 16.dxc5 Bxc5 17.Bf4 Qd8 18.Rad1 Bxf3 19.gxf3 Qd5 20.Kg2 Rfd8 21.Re5
Qd7 22.Qc1 Nd5 23.Bxh6 gxh6 24.c4 Qc7 25.Qxh6 f6 26.Re4 f5 27.Rg1 Qg7+ 28.
Kf1 Qxg1+ 29.Kxg1 fxe4 30.Bxe4 Kf7 31.Qh7+ Kf6 32.cxd5 Rg8+ 33.Kf1 Rae8 
34.Qh6+ Ke5 35.dxe6 Rh8 36.Qg6 Ref8 37.h4 Be7 38.h5 Rhg8 39.Qh6 Rh8 40.Qg6
Rhg8 41.Qh7 Kxe6 1-0

[Event "interzonal (w)"]
[Site "Zheleznovodsk  URS"]
[Date "1985.??.??"]
[Round "15"]
[White "Matveeva, Svetlana"]
[Black "Arbunic Castro, Giovanna"]
[Result "1-0"]
[WhiteElo "2125"]
[BlackElo "2060"]
[EventDate "1985.06.19"]
[PlyCount "67"]

1.d4 Nf6 2.Nf3 g6 3.c4 Bg7 4.Nc3 O-O 5.Bg5 d6 6.e3 Nbd7 7.Be2 c6 8.O-O h6 
9.Bh4 e5 10.dxe5 dxe5 11.b4 Qe7 12.Qb3 a5 13.a3 g5 14.Bg3 axb4 15.axb4 
Rxa1 16.Rxa1 e4 17.Nd4 Ne5 18.c5 h5 19.h4 gxh4 20.Bxh4 Neg4 21.Ra7 Qe5 22.
Bxg4 Nxg4 23.Bg3 Qe7 24.Nxc6 Qd7 25.Nd5 Re8 26.Nce7+ Rxe7 27.c6 Qe6 28.
Nxe7+ Qxe7 29.Ra8 Bf8 30.Rxc8 bxc6 31.Qd1 Ne5 32.Qxh5 Nd3 33.Qg4+ Kh7 34.
Rxf8 1-0

[Event "interzonal (w)"]
[Site "Zheleznovodsk  URS"]
[Date "1985.??.??"]
[Round "15"]
[White "Gurieli, Nino"]
[Black "Wu Mingqian"]
[Result "0-1"]
[WhiteElo "2275"]
[BlackElo "2075"]
[EventDate "1985.06.19"]
[PlyCount "64"]

1.Nf3 d5 2.g3 c5 3.Bg2 Nc6 4.d4 Bg4 5.Ne5 Bf5 6.Nxc6 bxc6 7.c4 e6 8.O-O 
Nf6 9.Nc3 Qd7 10.Bg5 Rb8 11.Bxf6 gxf6 12.cxd5 cxd5 13.dxc5 Bxc5 14.Rc1 Rc8
15.Qd2 h5 16.h3 Rg8 17.Kh2 d4 18.Rfd1 h4 19.Na4 hxg3+ 20.fxg3 Bd6 21.Rxc8+
Qxc8 22.Qxd4 Bxg3+ 23.Kh1 e5 24.Qd6 Be4 25.Kg1 Bh4 26.Nc5 Bxg2 27.Rd2 
Bxh3+ 28.Kh2 Bg3+ 29.Kh1 Bf1 30.Kg1 Bf4+ 31.Kf2 Bxd2 32.e4 Bb4 0-1

[Event "interzonal (w)"]
[Site "Zheleznovodsk  URS"]
[Date "1985.??.??"]
[Round "15"]
[White "Ferrer Lucas, Pepita"]
[Black "Brustman, Agnieszka"]
[Result "0-1"]
[WhiteElo "2050"]
[BlackElo "2175"]
[EventDate "1985.06.19"]
[PlyCount "66"]

1.e4 c5 2.Nf3 d6 3.d4 cxd4 4.Nxd4 Nf6 5.Nc3 a6 6.Bg5 e6 7.f4 Be7 8.Qf3 h6 
9.Bh4 Qc7 10.O-O-O Nbd7 11.f5 e5 12.Bxf6 Nxf6 13.Nb3 b5 14.Nd5 Nxd5 15.
Rxd5 Bb7 16.Rd1 O-O 17.Kb1 b4 18.h4 Rfc8 19.Rc1 a5 20.Nd2 Qd8 21.Bc4 a4 
22.Rh3 Ra5 23.Qh5 d5 24.exd5 Bxd5 25.Rd3 e4 26.Rxd5 Rxd5 27.Bxd5 Qxd5 28.
Qg4 h5 29.Qxe4 Qxd2 30.Qxe7 b3 31.Qg5 bxc2+ 32.Ka1 Qxg5 33.hxg5 Rd8 0-1